000 01041nam a2200313 i 4500
001 68867
003 Mx-PuUPA
005 20250827140931.0
008 220915s2015 mx a gr|||| 00| 0 spa d
020 _a9786072418073
040 _aMx-PuUPA
_bspa
_cMx-PuUPA
_dMx-PuUPA
_erda
041 0 _aspa
245 0 0 _aCumpleaños /
_bM. B. Brozon, Alejandro Sandoval, Gilberto Rendón [ y otros 11]
250 _aPrimera edición
264 1 _aCiudad de México :
_bSm de Ediciones,
_c2015
300 _a67 páginas :
_bilustraciones (a color) ;
_c21 cm
336 _2rdacontent
_atexto
_btxt
337 _2rdamedia
_asin medio
_bn
338 _2rdacarrier
_avolumen
_bnc
490 1 _aEl barco de vapor.
500 _aReimpresiones: (Primera, 2017).
650 7 _2armarc
_aCuentos mexicanos
650 7 _2armarc
_aLiteratura infantil
830 3 _aEl barco de vapor.
942 _2ddc
_cLI
_h863
_iB
999 _c68867
_d68867